Biện pháp quản lý công tác giáo dục phòng chống tệ nạn xã hội cho học sinh các trường trung học phổ thông trên địa bàn thành phố Đà Nẵng trong giai đoạn hiện nay

Cơ sở lý luận về quản lý công tác giáo dục phòng chống TNXH cho học sinh trung học phổ thông; Thực trạng quản lý công tác giáo dục phòng chống tệ nạn xã hội cho học sinh trung học phổ thông tại thành phố Đà Nẵng; Biện pháp quản lý công tác giáo dục phòng chống TNXH cho học sinh các trường trung học...

Cijeli opis

Spremljeno u:
Bibliografski detalji
Glavni autor: Phạm Ngọc Tuyến
Daljnji autori: Trần Xuân Bách T.S (Hướng dẫn)
Format: Knjiga
Izdano: Đà Nẵng Đại học Đà Nẵng 2012
Teme:
Oznake: Dodaj oznaku
Bez oznaka, Budi prvi tko označuje ovaj zapis!
Thư viện lưu trữ: Mạng thư viện Đại học Đà Nẵng
LEADER 01992nam a2200313 4500
001 000017682
003 14107
005 20130903090916.0
008 130514s2012 sd
082 |a 373.178  |b PH-T 
100 |a Phạm Ngọc Tuyến 
245 |a Biện pháp quản lý công tác giáo dục phòng chống tệ nạn xã hội cho học sinh các trường trung học phổ thông trên địa bàn thành phố Đà Nẵng trong giai đoạn hiện nay  |c Phạm Ngọc Tuyến ; Trần Xuân Bách hướng dẫn.  |k Luận văn Thạc sĩ 
260 |a Đà Nẵng  |b Đại học Đà Nẵng  |c 2012 
300 |a 100 tr.  |c 29 cm.  |e Đĩa CD, tài liệu tóm tắt 
500 |a Luận văn thạc sĩ Giáo dục học. Chuyên ngành : Quản lý giáo dục. Mã số: 60.14.05. 
520 |a Cơ sở lý luận về quản lý công tác giáo dục phòng chống TNXH cho học sinh trung học phổ thông; Thực trạng quản lý công tác giáo dục phòng chống tệ nạn xã hội cho học sinh trung học phổ thông tại thành phố Đà Nẵng; Biện pháp quản lý công tác giáo dục phòng chống TNXH cho học sinh các trường trung học phổ thông tại thành phố Đà Nẵng trong giai đoạn hiện nay... 
650 0 4 |a Giáo dục THPT  |v Luận văn tốt nghiệp  |x Phòng chống tệ nạn  |z Đà Nẵng 
653 |a Quản lý giáo dục  |a Giáo dục THPT  |a Phòng chống tệ nạn 
700 |a Trần Xuân Bách  |c T.S  |e Hướng dẫn 
OWN |a LSP 
AVA |a UDN50  |b LSP  |d 373.178 PH-T  |e available  |t Error 5001 Not defined in file expand_doc_bib_avail.  |f 1  |g 0  |h N  |i 0  |k 1 
999 |a From the UDN01 
AVA |a UDN50  |b LSP  |d 373.178 PH-T  |e available  |t Error 5001 Not defined in file expand_doc_bib_avail.  |f 1  |g 0  |h N  |i 0  |k 1 
TYP |a Monograph 
TYP |a Printed language 
980 |a Mạng thư viện Đại học Đà Nẵng